UNDERSTANDING childhood and adolescence

Salvato in:
Dettagli Bibliografici
Natura: Libro
Lingua:inglese
Pubblicazione: SAGE 2020
Tags: Aggiungi Tag
Nessun Tag, puoi essere il primo ad aggiungerne!!

MARC

LEADER 00000nam a22000007a 4500
008 230825b |||||||| |||| 00| 0 eng d
020 |a 9789393882280 
245 |a UNDERSTANDING childhood and adolescence  |c edited by Namita Ranganathan  |g xi, 405p 
250 |c Ranganathan, Namita 
260 |b SAGE  |c 2020  |h Los Angeles  |i 699987  |i 699988  |l BF713.Un2  |m Developmental psychology  |m Child psychology  |m Adolescent psychology 
500 |a it includes index 
942 |a lcc  |c BK  |e Johnson  |f 25/08/23 
952 |0 0  |1 0  |2 lcc  |4 0  |6 BF0713 U N2  |7 0  |9 4436  |a ART  |b HOL  |c AF  |d 2023-08-25  |l 0  |o BF713.Un2  |p 2023-0358  |r 2023-08-25 00:00:00  |t 699987  |w 2023-08-25  |y BK 
952 |0 0  |1 0  |2 lcc  |4 0  |6 BF0713 U N2  |7 0  |9 4437  |a HOL  |b HOL  |c AF  |d 2023-08-25  |l 0  |o BF713.Un2  |p 2023-0359  |r 2023-08-25 00:00:00  |t 699988  |w 2023-08-25  |y BK 
999 |c 2226  |d 2226